<?xml version="1.0" encoding="UTF-8"?>
<record
    xmlns:xsi="http://www.w3.org/2001/XMLSchema-instance"
    xsi:schemaLocation="http://www.loc.gov/MARC21/slim http://www.loc.gov/standards/marcxml/schema/MARC21slim.xsd"
    xmlns="http://www.loc.gov/MARC21/slim">

  <leader>01481nam a22003017a 4500</leader>
  <controlfield tag="001">1638</controlfield>
  <controlfield tag="003">FISKH</controlfield>
  <controlfield tag="005">20250313143403.0</controlfield>
  <controlfield tag="008">230912b        cb ||||| |||| 00| 0 khr d</controlfield>
  <datafield tag="020" ind1=" " ind2=" ">
    <subfield code="a">9789924341475</subfield>
  </datafield>
  <datafield tag="040" ind1=" " ind2=" ">
    <subfield code="a">FISKH </subfield>
    <subfield code="b">eng</subfield>
    <subfield code="c">FISKH </subfield>
    <subfield code="d">FISKH </subfield>
  </datafield>
  <datafield tag="082" ind1=" " ind2=" ">
    <subfield code="a">597.982</subfield>
  </datafield>
  <datafield tag="100" ind1=" " ind2=" ">
    <subfield code="a">Donnio, Sylviane </subfield>
  </datafield>
  <datafield tag="245" ind1=" " ind2=" ">
    <subfield code="a">&#x1781;&#x17D2;&#x1789;&#x17BB;&#x17C6;&#x1785;&#x1784;&#x17CB;&#x179F;&#x17CA;&#x17B8;&#x1780;&#x17BC;&#x1793;&#x1780;&#x17D2;&#x1798;&#x17C1;&#x1784; / </subfield>
    <subfield code="c">&#x1793;&#x17B7;&#x1796;&#x1793;&#x17D2;&#x1792;&#x178A;&#x17C4;&#x1799; &#x179F;&#x17CA;&#x17B8;&#x179B;&#x179C;&#x17B8;&#x1799;&#x17C9;&#x17B6;&#x1793; &#x178A;&#x17BC;&#x1793;&#x17B8;&#x1799;&#x17C9;&#x17BC; - &#x1782;&#x17BC;&#x179A;&#x179A;&#x17BC;&#x1794;&#x178A;&#x17C4;&#x1799; &#x178A;&#x17BC;&#x179A;&#x17C9;&#x17BC;&#x178F;&#x17C1; &#x178A;&#x17BA; &#x1798;&#x17C9;&#x17BB;&#x1784;&#x17A0;&#x17D2;&#x179A;&#x17D2;&#x179C;&#x17C1;&#x178A; - &#x1794;&#x1780;&#x1794;&#x17D2;&#x179A;&#x17C2;&#x1796;&#x17B8;&#x1797;&#x17B6;&#x179F;&#x17B6;&#x1794;&#x17B6;&#x179A;&#x17B6;&#x17C6;&#x1784;&#x178A;&#x17C4;&#x1799; &#x17A2;&#x17CA;&#x17BC;&#x1785; &#x179F;&#x17BC;&#x179B;&#x17B8;&#x178A;&#x17B6;&#x200B; </subfield>
  </datafield>
  <datafield tag="260" ind1=" " ind2=" ">
    <subfield code="a">Paris : </subfield>
    <subfield code="b">Sipar, </subfield>
    <subfield code="c">2022. </subfield>
  </datafield>
  <datafield tag="300" ind1=" " ind2=" ">
    <subfield code="a">24 pages : </subfield>
    <subfield code="b">color illustrations ; </subfield>
    <subfield code="c">15 &#xD7; 19 cm</subfield>
  </datafield>
  <datafield tag="490" ind1=" " ind2=" ">
    <subfield code="a">&#x178F;&#x179F;&#x17CB;&#x17A2;&#x17B6;&#x1793;! </subfield>
  </datafield>
  <datafield tag="505" ind1=" " ind2=" ">
    <subfield code="a">J 
</subfield>
  </datafield>
  <datafield tag="520" ind1=" " ind2=" ">
    <subfield code="a">&#x1780;&#x17BC;&#x1793;&#x1780;&#x17D2;&#x179A;&#x1796;&#x17BE;&#x1786;&#x17B6;&#x179B;&#x17B8;&#x1798;&#x17B7;&#x1793;&#x1796;&#x17D2;&#x179A;&#x1798;&#x179F;&#x17CA;&#x17B8;&#x1785;&#x17C6;&#x178E;&#x17B8;&#x178A;&#x17C2;&#x179B;&#x17AA;&#x1796;&#x17BB;&#x1780;&#x1798;&#x17D2;&#x178A;&#x17B6;&#x1799;&#x179A;&#x1780;&#x1798;&#x1780;&#x17B3;&#x17D2;&#x1799;&#x1791;&#x17C1; &#x178F;&#x17C2;&#x179C;&#x17B6;&#x1785;&#x1784;&#x17CB;&#x179F;&#x17CA;&#x17B8;&#x1780;&#x17BC;&#x1793;&#x1780;&#x17D2;&#x1798;&#x17C1;&#x1784;&#x179C;&#x17B7;&#x1789;&#x17D4; </subfield>
  </datafield>
  <datafield tag="520" ind1=" " ind2=" ">
    <subfield code="a">Baby Charlie refuses to eat the food his parents provide for him, but he wants to eat the baby.</subfield>
  </datafield>
  <datafield tag="521" ind1="8" ind2=" ">
    <subfield code="a">500
</subfield>
    <subfield code="b">Lexile estimate 
</subfield>
  </datafield>
  <datafield tag="521" ind1="8" ind2=" ">
    <subfield code="a">J 
</subfield>
    <subfield code="b">Raz-Plus 
</subfield>
  </datafield>
  <datafield tag="650" ind1=" " ind2=" ">
    <subfield code="a">&#x1780;&#x17D2;&#x179A;&#x1796;&#x17BE; </subfield>
    <subfield code="v">&#x17AA;&#x1796;&#x17BB;&#x1780;&#x1798;&#x17D2;&#x178A;&#x17B6;&#x1799; </subfield>
    <subfield code="x">&#x1785;&#x17C6;&#x178E;&#x17B8; </subfield>
  </datafield>
  <datafield tag="650" ind1=" " ind2=" ">
    <subfield code="a">Crocodile </subfield>
    <subfield code="v">Parents </subfield>
    <subfield code="x">Food </subfield>
  </datafield>
  <datafield tag="700" ind1=" " ind2=" ">
    <subfield code="a">Solyda, Ouch </subfield>
    <subfield code="e">Translator </subfield>
  </datafield>
  <datafield tag="700" ind1=" " ind2=" ">
    <subfield code="a">Monfreid, Dorothee de </subfield>
    <subfield code="e">illustrator </subfield>
  </datafield>
  <datafield tag="942" ind1=" " ind2=" ">
    <subfield code="2">ddc</subfield>
    <subfield code="c">KHB</subfield>
    <subfield code="n">0</subfield>
  </datafield>
  <datafield tag="999" ind1=" " ind2=" ">
    <subfield code="c">1638</subfield>
    <subfield code="d">1638</subfield>
  </datafield>
  <datafield tag="952" ind1=" " ind2=" ">
    <subfield code="0">0</subfield>
    <subfield code="1">0</subfield>
    <subfield code="2">ddc</subfield>
    <subfield code="4">0</subfield>
    <subfield code="7">0</subfield>
    <subfield code="8">KH</subfield>
    <subfield code="a">001</subfield>
    <subfield code="b">001</subfield>
    <subfield code="c">KHRS</subfield>
    <subfield code="d">2023-09-12</subfield>
    <subfield code="l">1</subfield>
    <subfield code="o">DON 597.982</subfield>
    <subfield code="p">2023-0585</subfield>
    <subfield code="q">2025-11-27</subfield>
    <subfield code="r">2025-11-13 15:03:54</subfield>
    <subfield code="s">2025-11-13</subfield>
    <subfield code="t">1</subfield>
    <subfield code="w">2023-09-12</subfield>
    <subfield code="y">KHB</subfield>
  </datafield>
  <datafield tag="952" ind1=" " ind2=" ">
    <subfield code="0">0</subfield>
    <subfield code="1">0</subfield>
    <subfield code="2">ddc</subfield>
    <subfield code="4">0</subfield>
    <subfield code="7">0</subfield>
    <subfield code="8">KH</subfield>
    <subfield code="a">001</subfield>
    <subfield code="b">001</subfield>
    <subfield code="c">KHRS</subfield>
    <subfield code="d">2023-09-12</subfield>
    <subfield code="l">3</subfield>
    <subfield code="o">DON 597.982</subfield>
    <subfield code="p">2023-0586</subfield>
    <subfield code="r">2026-03-02 10:02:16</subfield>
    <subfield code="s">2026-02-02</subfield>
    <subfield code="t">2</subfield>
    <subfield code="w">2023-09-12</subfield>
    <subfield code="y">KHB</subfield>
  </datafield>
</record>
